000 01264nam0a22002891 4500
001 rc\275193
005 20260407012255.0
035 _a(NLR Aleph) 005492469
090 _a5221890
_c5221890
100 _a20030307d1990 |||y0rusy50 ca
101 0 _arus
102 _aRU
105 _aa |||||||||
200 1 _aЗаслуженный художник РСФСР Татьяна Михайловна Соколова
_eСкульптура
_e[Кат. выст.
_fАвт. ст. В.С. Манин и др.]
210 _aМ.
_cСов. художник
_d1990
215 _a[80] с.
_cил., цв. ил., портр.
_d29
300 _aЗагл. обл.: Татьяна Соколова
300 _aВ надзаг.: Союз художников СССР
512 0 _aТатьяна Соколова
702 1 _4570
_7ca
_8rus
_aСоколова
_bТ. М.
_cскульптор
_f1930-2010
_gТатьяна Михайловна
_9212884
_3RU\NLR\AUTH\770212940
710 1 0 _aСоколова,
_gТатьяна Михайловна
_hВыставка произведений
_f1990
_eМосква
_3RU\NLR\AUTH\8810000022
_9497208
801 0 _aRU
_bNLR
_gpsbo
801 1 _aRU
_bELAR
_2rusmarc
852 _aNLR
_bЭ
_jКП/С595
942 _cBOOK
980 _aNB